| 000 | 01393nam a2200373 a 4500 | ||
|---|---|---|---|
| 001 | 000108666 | ||
| 003 | CHAP | ||
| 005 | 20220329144020.0 | ||
| 008 | 140303s2012 mx sm |||||||spa d | ||
| 010 | _a105128 | ||
| 011 | _a106100 | ||
| 040 | _cCHAP | ||
| 090 | _aTesis | ||
| 100 | 1 |
_aCano García, Adán _9125705 |
|
| 245 | 1 | 4 |
_aLos desafios de los pequeños productores del café en el mercado global, caso de la organización Sax Yaxte, del municipio de Chilón Chiapas _h[En línea] _cpor Cano García Adán. |
| 260 |
_aChapingo, Méx. : _bEl autor, _c2012. |
||
| 500 | _aPara ver el contenido del material haga clic en la liga | ||
| 502 | _aTesis (MC. en Desarrollo Rural Regional)-- UACH. Dirección de Centros Regionales Universitarios | ||
| 590 |
_aBATCH-UPD _b10 _c20140324 _lUCH01 _h1536 |
||
| 590 |
_aBATCH-UPD _b10 _c20141002 _lUCH01 _h0857 |
||
| 590 |
_aBATCH _b00 _c20181121 _lUCH01 _h0759 |
||
| 590 |
_aE11695DGD _b10 _c20140305 _lUCH01 _h1040 |
||
| 590 |
_aE5765TAJ _b05 _c20140303 _lUCH01 _h1150 |
||
| 590 |
_aE5765TAJ _b05 _c20140303 _lUCH01 _h1151 |
||
| 650 | 1 | 4 |
_aCafé orgánico _xMercadeo. _9125706 |
| 650 | 1 | 4 |
_aCafé _xCalidad. _917114 |
| 650 | 1 | 4 |
_aCafé _xChiapas. _917115 |
| 650 | 1 | 4 |
_aCafeticultores. _917080 |
| 856 |
_a1 _n0001235 |
||
| 856 |
_aFinding aid _uhttp://10.13.5.2/tesis/sist108666.pdf _zTeclea aquí |
||
| 901 | _aBK | ||
| 942 | _cTESIS | ||
| 942 | _n0 | ||
| 999 |
_c105128 _d105128 |
||